000
00376nam a22001577a 4500
003
MPLRDC
005
20220104142951.0
008
210129b ||||| |||| 00| 0 eng d
082
_a
415.274 ZJH
100
_a
钟家禾编著
245
_a
风湿病与关节炎
_c
260
_a
_b
华联出版社
_c
1982
300
_b
平
650
_a
风湿病
942
_c
BK
_o
415.274 ZJH
999
_c
35345
_d
35335